| 000 | 00754nam a2200205 a 4500 | ||
|---|---|---|---|
| 999 |
_c3577 _d3577 |
||
| 001 | 3577 | ||
| 003 | BD-JhCC | ||
| 005 | 20171115115550.0 | ||
| 008 | 171115s1371 bg |||| |||| 000 0 ben d | ||
| 035 | _a(BD-JhCC) 3577 | ||
| 040 |
_aBD-JhCC _dBD-JhCC |
||
| 041 | _aben | ||
| 082 |
_a891.4415 _bCHO 1371 |
||
| 245 |
_aদুর্গম গিরি কান্তার মরু / _cবীরেন্দ্র চট্টোপাধ্যায় |
||
| 260 |
_aকলিকাতা : _bটাইমস ডিষ্ট্রিবিউটার, _c১৩৭১. |
||
| 300 |
_a৬৬ পৃ. : _c২১ সেমি. |
||
| 650 | _aBengali poetry | ||
| 700 | _a চট্টোপাধ্যায়, বীরেন্দ্র | ||
| 942 |
_2ddc _cBK |
||